<?xml version="1.0" encoding="UTF-8"?><?xml-stylesheet type="text/xsl" href="static/style.xsl"?><OAI-PMH xmlns="http://www.openarchives.org/OAI/2.0/" xmlns:xsi="http://www.w3.org/2001/XMLSchema-instance" xsi:schemaLocation="http://www.openarchives.org/OAI/2.0/ http://www.openarchives.org/OAI/2.0/OAI-PMH.xsd"><responseDate>2026-04-28T21:16:36Z</responseDate><request verb="GetRecord" identifier="oai:uvadoc.uva.es:10324/46802" metadataPrefix="marc">https://uvadoc.uva.es/oai/request</request><GetRecord><record><header><identifier>oai:uvadoc.uva.es:10324/46802</identifier><datestamp>2022-05-26T14:09:15Z</datestamp><setSpec>com_10324_53470</setSpec><setSpec>com_10324_931</setSpec><setSpec>com_10324_894</setSpec><setSpec>col_10324_53472</setSpec></header><metadata><record xmlns="http://www.loc.gov/MARC21/slim" xmlns:doc="http://www.lyncode.com/xoai" xmlns:xsi="http://www.w3.org/2001/XMLSchema-instance" xmlns:dcterms="http://purl.org/dc/terms/" xsi:schemaLocation="http://www.loc.gov/MARC21/slim http://www.loc.gov/standards/marcxml/schema/MARC21slim.xsd">
<leader>00925njm 22002777a 4500</leader>
<datafield tag="042" ind1=" " ind2=" ">
<subfield code="a">dc</subfield>
</datafield>
<datafield tag="720" ind1=" " ind2=" ">
<subfield code="a">Pacheco Barrio, Manuel Antonio</subfield>
<subfield code="e">author</subfield>
</datafield>
<datafield tag="260" ind1=" " ind2=" ">
<subfield code="c">2012</subfield>
</datafield>
<datafield tag="520" ind1=" " ind2=" ">
<subfield code="a">La Crisis de Perejil supuso la primera intervención armada del ejército español contra un vecino, desde la llegada de la Constitución de 1978. En este trabajo se pretenden analizar las noticias que aparecieron durante ese período de crisis, que se prolongó desde el 12 al 21 de julio de 2002. En primer lugar, como objetivo principal, habría que plantearse la objetividad que manifiestan los medios de comunicación españoles ante esta cuestión que muchos califican como de Estado, en la que estaban en juego los intereses nacionales. [Texto extraído del capítulo de Manuel Antonio Pacheco Barrio].</subfield>
</datafield>
<datafield tag="024" ind2=" " ind1="8">
<subfield code="a">Martínez Peñas, Leandro; Fernández Rodríguez, Manuela; Bravo Díaz, David (coords.). La presencia española en África: del "Fecho de allende" a la crisis de perejil, 2012, págs. 215-233</subfield>
</datafield>
<datafield tag="024" ind2=" " ind1="8">
<subfield code="a">978-84-6160-112-7</subfield>
</datafield>
<datafield tag="024" ind2=" " ind1="8">
<subfield code="a">https://uvadoc.uva.es/handle/10324/46802</subfield>
</datafield>
<datafield tag="024" ind2=" " ind1="8">
<subfield code="a">215</subfield>
</datafield>
<datafield tag="024" ind2=" " ind1="8">
<subfield code="a">233</subfield>
</datafield>
<datafield tag="024" ind2=" " ind1="8">
<subfield code="a">La presencia española en África: del "Fecho de allende" a la crisis de perejil</subfield>
</datafield>
<datafield ind1=" " ind2=" " tag="653">
<subfield code="a">España - Historia - Siglo XX</subfield>
</datafield>
<datafield ind1=" " ind2=" " tag="653">
<subfield code="a">África</subfield>
</datafield>
<datafield tag="245" ind1="0" ind2="0">
<subfield code="a">El contencioso del islote Perejil en la prensa escrita</subfield>
</datafield>
</record></metadata></record></GetRecord></OAI-PMH>